| 000 | 00668nam a22001815i 4500 | ||
|---|---|---|---|
| 001 | 162956 | ||
| 003 | ES-MaACL | ||
| 005 | 20230906212633.0 | ||
| 008 | 951113s1805 sp |||| | spa d | ||
| 040 |
_aGA _bspa _cCCPB | SIC |
||
| 100 | 1 |
_aRamos Vallina, Juan. _9131579 |
|
| 245 | 1 | 0 |
_aGramática latina en verso castellano ó Modo nuevo de enseñar la lengua latina / _csu autor Don Juan Ramos Vallina... |
| 260 |
_aMadrid : _b[s.n.], _c1805 ( _fen la oficina de Don Benito García y Compañía) |
||
| 300 |
_aXVI, 367 p. ; _c16 cm. |
||
| 740 | 0 | 1 | _aModo nuevo de enseñar la lengua latina. |
| 752 |
_aEspaña - _dMadrid |
||
| 852 |
_aES-MaACL _jD-3839 _z-- Rust. |
||
| 999 |
_c162956 _d162956 |
||